Havelock (Record no. 552106)
[ view plain ]
| 000 -LEADER | |
|---|---|
| fixed length control field | 00522cam a2200145K 4500 |
| 082 04 - DEWEY DECIMAL CLASSIFICATION NUMBER | |
| Classification number | 355.009242 |
| Author Mark | FOR |
| 100 1# - MAIN ENTRY--PERSONAL NAME | |
| Personal name | Forbes, Archibald, |
| 9 (RLIN) | 49326 |
| 245 10 - TITLE STATEMENT | |
| Title | Havelock |
| Statement of responsibility, etc. | by Archibald Forbes. |
| 260 ## - PUBLICATION, DISTRIBUTION, ETC. | |
| Place of publication, distribution, etc. | London, |
| Name of publisher, distributor, etc. | Macmillan and Co.; |
| Place of publication, distribution, etc. | New York, |
| Name of publisher, distributor, etc. | Macmillan Co., |
| Date of publication, distribution, etc. | 1890. |
| 300 ## - PHYSICAL DESCRIPTION | |
| Extent | 1 online resource (3 p. l., 223 p.) |
| Other physical details | front. (port.) fold. map. |
| 490 0# - SERIES STATEMENT | |
| Series statement | English men of action |
| 526 ## - STUDY PROGRAM INFORMATION NOTE | |
| Program name | 0 |
| Interest level | 0 |
| Reading level | 0 |
| Title point value | 355_009242000000000_FOR |
| 856 40 - ELECTRONIC LOCATION AND ACCESS | |
| Uniform Resource Identifier | <a href="http://catalog.hathitrust.org/api/volumes/oclc/3563787.html">http://catalog.hathitrust.org/api/volumes/oclc/3563787.html</a> |
| 942 ## - ADDED ENTRY ELEMENTS (KOHA) | |
| Source of classification or shelving scheme | |
| Koha item type | Book |
| Withdrawn status | Lost status | Source of classification or shelving scheme | Damaged status | Not for loan | Permanent Location | Current Location | Shelving location | Date acquired | Total Checkouts | Full call number | Barcode | Date last seen | Price effective from | Koha item type |
|---|---|---|---|---|---|---|---|---|---|---|---|---|---|---|
| Military College of Engineering (MCE) | Military College of Engineering (MCE) | 01/07/2015 | 355.009242 FOR | MCE-ECH/74 | 01/07/2015 | 01/07/2015 | Book |
